Normal view
MARC view
- Sup: Dr. Shafqat Hameed
Entry Personal Name
001 - CONTROL NUMBER
- control field: 34602
003 - CONTROL NUMBER IDENTIFIER
- control field: NUST
005 - DATE AND TIME OF LATEST TRANSACTION
- control field: 20201027160527.0
008 - FIXED-LENGTH DATA ELEMENTS
- fixed length control field: 201027|| aca||aabn | a|a d
040 ## - CATALOGING SOURCE
- Original cataloging agency: NUST
- Transcribing agency: NUST
100 ## - HEADING--PERSONAL NAME
- Personal name: Sup: Dr. Shafqat Hameed
670 ## - SOURCE DATA FOUND
- Source citation: Work cat.: (NUST)540535: Zaheer, Anum 34600, Assessment of Knowledge Management Implementation in Telecommunication Organisations of Pakistan /, 2012.
